The Stamp Duty Land Tax (Variation of the Finance Act 2003) Regulations 2006 (Record no. 78164)

MARC details
000 -LEADER
fixed length control field 01131cab a2200229 4500
001 - CONTROL NUMBER
control field L136170
008 - FIXED-LENGTH DATA ELEMENTS--GENERAL INFORMATION
fixed length control field 070116n2006 000 0 eng u
035 ## - SYSTEM CONTROL NUMBER
System control number (Sirsi) u136170
041 0# - LANGUAGE CODE
Language code of text/sound track or separate title eng
110 1# - MAIN ENTRY--CORPORATE NAME
Corporate name or jurisdiction name as entry element United Kingdom
Form subheading Laws, etc
9 (RLIN) 5044
245 04 - TITLE STATEMENT
Title The Stamp Duty Land Tax (Variation of the Finance Act 2003) Regulations 2006
260 ## - PUBLICATION, DISTRIBUTION, ETC.
Place of publication, distribution, etc. London
Name of publisher, distributor, etc. TSO
Date of publication, distribution, etc. 2006
490 ## - SERIES STATEMENT
Series statement SI
Volume/sequential designation 2006: 3237
520 ## - SUMMARY, ETC.
Summary, etc. Came into force on 6 December 2006. These Regulations amend the provisions of the Finance Act 2003 Part IV (Stamp Duty Land Tax). Reg1 provides for citation and commencement. Reg 2 provides that the Finance Act 2003 shall be amended in accordance with Schedule to the Regulations. The Schedule contains the amendments to Part IV.
650 24 - SUBJECT ADDED ENTRY--TOPICAL TERM
Topical term or geographic name entry element STAMP DUTY LAND TAX
650 24 - SUBJECT ADDED ENTRY--TOPICAL TERM
Topical term or geographic name entry element FINANCE ACT 2003 PART IV
650 24 - SUBJECT ADDED ENTRY--TOPICAL TERM
Topical term or geographic name entry element STAMP DUTY LAND TAX (VARIATION OF THE FINANCE ACT 2003) REGULATIONS 2006
651 #4 - SUBJECT ADDED ENTRY--GEOGRAPHIC NAME
Geographic name England and Wales
Chronological subdivision 1543-
690 ## - LOCAL SUBJECT ADDED ENTRY--TOPICAL TERM (OCLC, RLIN)
Topical term or geographic name as entry element PROPERTY-PROPERTY TAXATION
856 40 - ELECTRONIC LOCATION AND ACCESS
Uniform Resource Identifier <a href="https://www.opsi.gov.uk/si/si2006/20063237.htm">https://www.opsi.gov.uk/si/si2006/20063237.htm</a>
Public note View the Statutory Instrument free of charge at www.opsi.gov.uk...
942 ## - ADDED ENTRY ELEMENTS (KOHA)
Suppress in OPAC 0
Holdings
Withdrawn status Lost status Source of classification or shelving scheme Damaged status Not for loan Home library Current library Shelving location Date acquired Total Checkouts Full call number Barcode Date last seen Copy number Price effective from Koha item type
    Dewey Decimal Classification     Virtual Virtual Online 16/01/2007   ONLINE PUBLICATION 136170-1001 06/08/2019 1 06/08/2019 Journal article